Chinese Cities Sudden Death - Statistics

General Stats
  • This quiz has been taken 49 times
  • The average score is 8 of 12
Answers on the Grid
Answers color-coded by a green-red scale on the quiz's grid according to % correct below.
Ulaanbatar
Harbin
Osaka
Seoul
Busan
Pyongyang
Nanjing
Beijing
Taipei
Kaohsiung
Taichung
Zhengzhou
Yangon
Hanoi
Qingdao
Saigon
Lhasa
Delhi
Katmandu
Colombo
Naypyidaw
Hanshu
Shanghai
Urumqi
Wuhan
Zibo
Henan
Guangzhou/Shenzhen
Inner Mongolia
Tibet
X’ian
Manchukuo
 
Answer Stats
Answer % Correct
Beijing
91%
Guangzhou/Shenzhen
75%
Wuhan
75%
Nanjing
72%
Shanghai
72%
Zhengzhou
72%
Harbin
66%
Qingdao
66%
X’ian
66%
Urumqi
63%
Lhasa
44%
Zibo
28%
No matching quizzes found
Score Distribution
Percent of People with Each Score
Percentile by Number Answered
Your Score History
You have not taken this quiz